Φορτώνει......
Christhu Sahasra Namam /
| Κύριος συγγραφέας: | |
|---|---|
| Μορφή: | Printed Book |
| Γλώσσα: | Malayalam |
| Έκδοση: |
Changanasseri :
I.C.Books ,
1982.
|
| LEADER | 00392nam a2200121Ia 4500 | ||
|---|---|---|---|
| 008 | 150624b xxu||||| |||| 00| | mal d | ||
| 100 | |a Chakcko I. C. | ||
| 245 | |c Chakcko I. C. |a Christhu Sahasra Namam / | ||
| 260 | |a Changanasseri : |b I.C.Books , |c 1982. | ||
| 546 | |a In Malayalam. | ||
| 942 | |c BK | ||
| 999 | |c 78328 |d 78328 | ||
| 952 | |0 0 |1 0 |4 0 |7 0 |9 78272 |a UL |b UL |c ST2 |d 1998-09-15 |l 0 |p 49320 |r 2012-10-27 |w 2012-10-27 |y BK | ||